00670nam 2200181 45000010005000001000041000051010013000462000062000592100066001212150023001872250048002106060086002586060022003446070014003667100038003807120050004188010020004685999 a20190729k u||y0frey50 ba afreaspa aNiños desaparecidosbBrochurefAbuelas de Plaza de Mayo aGenèvecMémoire pour des hommes libres en Argentined1984 a28 p.cill.d21 cm aNon-violence politiquevJuillet-Août 1974 aArgentine 1976-1983 : Dictature militaire Processus de réorganisation nationale aDroits de l'homme aArgentine aGrands-mères de la place de Mai aMémoire pour des hommes libres en Argentine aCHbCH-002049-8